Statistics for Ten Highest Ranking FIFA Countries by Year

Click here to take the quiz!

General Stats

  • This quiz has been taken 52,049 times
    (9,874 since last reset)
  • The average score is 17 of 19

Answer Stats

# Years Team % Correct
9Spain
99%
8Brazil
99%
5France
99%
7Germany
98%
8Argentina
98%
9Portugal
96%
3Italy
96%
6Belgium
94%
5England
93%
4Netherlands
93%
1Russia
87%
6Colombia
85%
6Uruguay
85%
4Croatia
84%
3Chile
84%
1Poland
80%
3Switzerland
76%
1Denmark
71%
1Austria
65%

Score Distribution

Percentile by Number Answered

Percent of People with Each Score

Your Score History

You have not taken this quiz since the last reset